Eishockey Weltrangliste - Frauen - Statistiken

Allgemein
  • Dieses Quiz wurde 202 mal gespielt
    50 seit der letzten Aktualisierung
  • Das Durchschnittsergebnis liegt bei 17 aus 20
Antwortstatistiken
Platz Punkte Land % Korrekt
2. 4140 Kanada
98%
1. 4150 Vereinigte Staaten
98%
9. 3635 Deutschland
96%
3. 3930 Finnland
96%
7. 3730 Schweden
96%
15. 3340 Frankreich
94%
14. 3345 Österreich
94%
6. 3790 Russland
94%
5. 3855 Schweiz
94%
12. 3405 Norwegen
91%
11. 3425 Dänemark
89%
8. 3705 Japan
89%
18. 3045 Italien
87%
4. 3920 Tschechien
85%
10. 3475 Ungarn
79%
16. 3215 Slowakei
77%
13. 3365 China
74%
20. 2930 Vereinigtes Königreich
74%
17. 3175 Niederlande
70%
19. 3015 Südkorea
57%
Keine übereinstimmenden Quizze gefunden
Verteilung der Resultate
Anzahl Personen mit jedem Resultat
Perzentil nach korrekt beantworteten Fragen
Ihre Resultats-Entwicklung
Sie haben dieses Quiz seit der letzten Aktualisierung nicht gespielt